Đầu tư trực tiếp nước ngoài trong làn sóng tự do hóa thương mại mới tại Việt Nam /

Bewaard in:
Bibliografische gegevens
Hoofdauteur: Mai Thu Huyền.
Andere auteurs: Nguyễn Ngọc Bình.
Formaat: Artikel
Taal:Vietnamese
Onderwerpen:
Tags: Voeg label toe
Geen labels, Wees de eerste die dit record labelt!
Thư viện lưu trữ: Thư viện Trường Đại học Đà Lạt
LEADER 00906nam a2200265 4500
001 DLU170181815
005 ##20171109
040 # # |a DLU  |b vie 
041 # # |a vie 
044 # # |a vn 
100 # # |a Mai Thu Huyền. 
245 # # |a Đầu tư trực tiếp nước ngoài trong làn sóng tự do hóa thương mại mới tại Việt Nam /  |c Mai Thu Huyền, Nguyễn Ngọc Bình. 
653 # # |a Đầu tư trực tiếp nước ngoài 
653 # # |a Hiệp định thương mại tự do 
653 # # |a Tự do hóa thương mại  
700 # # |a Nguyễn Ngọc Bình. 
773 # # |t Nghiên cứu kinh tế  |g Số 6(457), 2016, tr. 28-34 
920 # # |a Phòng Tạp chí -- Trung tâm Thông tin - Thư viện Trường Đại học Đà Lạt 
900 # # |a True 
911 # # |a Nguyễn Thị Thu Phương 
925 # # |a G 
926 # # |a A 
927 # # |a BB 
980 # # |a Thư viện Trường Đại học Đà Lạt